ARRUPE JESUIT UNIVERSITY

CORONAVIRUS -STOP THE SPREAD - CLEAN,DISINFECT,COVER

Hobbes : (Record no. 117839)

MARC details
000 -LEADER
fixed length control field 01260cam a2200325 a 4500
001 - CONTROL NUMBER
control field 12958829
003 - CONTROL NUMBER IDENTIFIER
control field ARRUPE
005 - DATE AND TIME OF LATEST TRANSACTION
control field 20170323102323.0
008 - FIXED-LENGTH DATA ELEMENTS--GENERAL INFORMATION
fixed length control field 021004s2002 enka b 001 0 eng
010 ## - LIBRARY OF CONGRESS CONTROL NUMBER
LC control number 2002725609
020 ## - INTERNATIONAL STANDARD BOOK NUMBER
International Standard Book Number 0192802550 (pbk.)
035 ## - SYSTEM CONTROL NUMBER
System control number (OCoLC)ocm48417168
040 ## - CATALOGING SOURCE
Original cataloging agency UKM
Transcribing agency UKM
Modifying agency DLC
042 ## - AUTHENTICATION CODE
Authentication code lccopycat
050 00 - LIBRARY OF CONGRESS CALL NUMBER
Classification number B1247
Item number .T83 2002
082 04 - DEWEY DECIMAL CLASSIFICATION NUMBER
Classification number 192
Edition number 21
300 ## - PHYSICAL DESCRIPTION
Other physical details ill. ;
Dimensions 18 cm.
100 1# - MAIN ENTRY--PERSONAL NAME
Personal name Tuck, Richard,
Dates associated with a name 1949-
9 (RLIN) 389
245 10 - TITLE STATEMENT
Title Hobbes :
Remainder of title a very short introduction /
Statement of responsibility, etc Richard Tuck.
260 ## - PUBLICATION, DISTRIBUTION, ETC. (IMPRINT)
Place of publication, distribution, etc Oxford ;
-- New York :
Name of publisher, distributor, etc Oxford University Press,
Date of publication, distribution, etc 2002.
300 ## - PHYSICAL DESCRIPTION
Extent xiii, 148 p. :
440 #0 - SERIES STATEMENT/ADDED ENTRY--TITLE
Title Very short introductions
9 (RLIN) 390
504 ## - BIBLIOGRAPHY, ETC. NOTE
Bibliography, etc Includes bibliographical references (p. 132-134) and index.
600 10 - SUBJECT ADDED ENTRY--PERSONAL NAME
Personal name Hobbes, Thomas,
Dates associated with a name 1588-1679.
9 (RLIN) 391
906 ## - LOCAL DATA ELEMENT F, LDF (RLIN)
a 7
b cbc
c copycat
d 2
e ncip
f 20
g y-gencatlg
942 ## - ADDED ENTRY ELEMENTS (KOHA)
Source of classification or shelving scheme Library of Congress Classification
Koha item type Monograph ( Printed materials)
Holdings
Withdrawn status Lost status Source of classification or shelving scheme Damaged status Not for loan Home library Current library Date acquired Total Checkouts Full call number Barcode Date last seen Price effective from Koha item type
    Library of Congress Classification     ARRUPE LIBRARY ARRUPE LIBRARY 17/09/2013   B1247 .T83 2002 46407476 17/09/2013 17/09/2013 Monograph ( Printed materials)

 

Arrupe Library. PO Box MP320 Mt Pleasant, Harare, Zimbabwe
263 242 745411|librarian@aju.ac.zw